Bookeeping Principles of Accounting and Auditing (Record no. 3850)
[ view plain ]
| 005 - DATE AND TIME OF LATEST TRANSACTION | |
|---|---|
| control field | 20250612115157.0 |
| 020 ## - INTERNATIONAL STANDARD BOOK NUMBER | |
| International Standard Book Number | 9976-78-008-7 |
| 100 ## - MAIN ENTRY--PERSONAL NAME | |
| Author name | ARORA, M. L |
| 245 ## - TITLE STATEMENT | |
| Title | Bookeeping Principles of Accounting and Auditing |
| 260 ## - PUBLICATION, DISTRIBUTION, ETC. | |
| Place of publication, distribution, etc. | Dar es Salaam |
| Name of publisher, distributor, etc. | NBAA |
| Date of publication, distribution, etc. | 2000 |
| 300 ## - PHYSICAL DESCRIPTION | |
| Extent | ix, 267p.: ill; Chat, Table |
| Dimensions | 30cm |
| 942 ## - ADDED ENTRY ELEMENTS (KOHA) | |
| Source of classification or shelving scheme | Dewey Decimal Classification |
| Koha item type | Books |
| Date last seen | Total checkouts | Full call number | Barcode | Cost, replacement price | Price effective from | Koha item type | Lost status | Source of classification or shelving scheme | Damaged status | Not for loan | Withdrawn status | Home library | Current library | Shelving location | Date acquired | Source of acquisition | Cost, normal purchase price |
|---|---|---|---|---|---|---|---|---|---|---|---|---|---|---|---|---|---|
| 06/12/2025 | 657.2 ARG | MBY000123 | 45000.00 | 06/12/2025 | Books | Dewey Decimal Classification | CBE MBEYA | CBE MBEYA | Special Reserve Collection | 11/15/2007 | Purchase | 15000.00 | |||||
| 06/19/2025 | 657.2 ARO | MBY000245 | 45000.00 | 06/19/2025 | Books | Dewey Decimal Classification | CBE MBEYA | CBE MBEYA | General Collection | 11/15/2007 | PURCHASE | 15000.00 | |||||
| 06/19/2025 | 657.2 ARO | MBY000246 | 45000.00 | 06/19/2025 | Books | Dewey Decimal Classification | CBE MBEYA | CBE MBEYA | General Collection | 11/15/2007 | PURCHASE | 15000.00 |
